000 nam a22 7a 4500
999 _c8265
_d8265
008 171213b xxu||||| |||| 00| 0 eng d
100 _94686
_aSHARMA.K
245 _aSUPER 20 ENGLISH COMMUNICATIVE
260 _aNEW DELHI
_bFULL MARKS
_c2017-18